Т. 3. Проза; Избранные произведения; Дневник председателя колхоза; Наброски неудавшейся повести; Заявление; Пиджак; Родина и чужбина; Статьи, выступления, заметки

Bibliografske podrobnosti
Parent link:Избранные произведения: В 3 т./ А. Т. Твардовский; [сост. и подгот. текста М. И. Твардовской; Вступ. ст., с. 3-30, и примеч. А. М. Туркова]. Т. 3. Проза.— , 1990-.— 5-280-01063-4
Jezik:ruščina
Izdano: 1990
TOC:Дневник председателя колхоза;
Наброски неудавшейся повести;
Заявление;
Пиджак;
Родина и чужбина;
Статьи, выступления, заметки;
Teme:
Format: MixedMaterials Knjiga
KOHA link:https://koha.lib.tpu.ru/cgi-bin/koha/opac-detail.pl?biblionumber=111693

MARC

LEADER 00000nam2a2200000 4500
001 111693
005 20231031120954.0
010 |a 5280010650 
020 |a RU  |b 90-44239 
035 |a (RuTPU)RU\TPU\book\120634 
035 |a RU\TPU\book\120624 
090 |a 111693 
100 |a 20070319g1990 m y0rusy5003 ca 
101 0 |a rus 
102 |a RU 
105 |a y z 001ay 
200 0 |a Т. 3. Проза 
210 |d 1990 
320 |a Библиогр. в примеч.: с. 514-520 
320 |a Алфавитный указатель произведений: с. 521-525 
461 1 |0 (RuTPU)RU\TPU\book\120623  |y 5-280-01063-4  |t Избранные произведения  |o В 3 т.  |f А. Т. Твардовский  |g [сост. и подгот. текста М. И. Твардовской; Вступ. ст., с. 3-30, и примеч. А. М. Туркова]  |v Т. 3. Проза  |d 1990- 
464 |t Дневник председателя колхоза 
464 |t Наброски неудавшейся повести 
464 |t Заявление 
464 |t Пиджак 
464 |t Родина и чужбина 
464 |t Статьи, выступления, заметки 
610 1 |a советская литература 
610 1 |a проза 
801 0 |a RU  |b 63413507  |c 19950417  |g psbo 
801 1 |a RU  |b 63413507  |c 20070319  |g PSBO 
801 2 |a RU  |b 63413507  |c 20150511  |g PSBO 
942 |c BK